000 01613nam a2200229Ia 4500
003 Ost
005 20260507075158.0
008 260507s9999||||xx |||||||||||||| ||und||
020 _a7995732483
040 _cfsecg
041 _aara
082 _a330
100 _aسويدان، نظام
_eمؤلف
245 0 _aالتسويق المعاصر :
_bبمفاهيم جديدة طرأت بعد عامي 2004 و 2007 /
_c نظام سويدان
260 _aعمان:
_bدار الحامد,
_c2010
300 _a431 صفحة؛
_bإيضاحات ؛
_c24 سم
504 _aمراجع ص.431
520 _aمقدمة عامة في التسويق ، البيئة التسويقية و تجزئة السوق و الاستهداف و استراتيجية إحلال المنتج ، سلوك المستهلك الشرائي و سلوك منظمات الاعمال الشرائي ، عناصر المزيج التسويقي : استراتيجية المنتوج ، تسويق الخدمات ، تطور المنتجات الجديدة و استراتيجية التسعير ، القنوات التسويقية و الوسطاء في القنوات التوزيعية و التوزيع المادي ، استراتيجية الاتصالات التسويقية المتكاملة مع وجود موضوعات متفرقة حول بحوث التسويق ، التسويق الدولي ، المسؤولية الاجتماعية و الاخلاقية لللتسويق و أخيرا التسويق الالكتروني .
653 _aالتسويق
653 _aالتسويق الإلكتروني
942 _cكتاب
999 _c43384
_d43384